[Event "Chioggia op-B 12th"]
[Site "Chioggia"]
[Date "2017.10.07"]
[Round "2"]
[White "Rondelli, Roberto"]
[Black "Biasiolo, Michele"]
[Result "1-0"]
[WhiteElo "1745"]
[BlackElo "1366"]
[PlyCount "102"]
[EventDate "2017.10.06"]
[EventType "swiss"]
[EventRounds "5"]
[EventCountry "ITA"]
[SourceTitle "EXT 2022"]
[Source "ChessBase"]
[SourceDate "2021.10.06"]
[SourceVersion "1"]
[SourceVersionDate "2021.10.06"]
[SourceQuality "1"]

1. Nf3 Nf6 2. d4 e6 3. c4 d5 4. g3 b6 5. Bg2 Bb7 6. 0-0 Be7 7. Nc3 0-0 8. cxd5 Nxd5 9. Re1 Nxc3 10. bxc3 c5 11. Qc2 Qc7 12. Bf4 Bd6 13. Bxd6 Qxd6 14. Ng5 g6 15. Bxb7 Nd7 16. Bxa8 Rxa8 17. Qe4 Rb8 18. Qf4 Qe7 19. e4 f6 20. Nf3 e5 21. dxe5 fxe5 22. Qg5 Qe6 23. Red1 Rf8 24. Qe3 c4 25. Rd5 Nc5 26. Ng5 Qf6 27. Nh3 Kg7 28. a4 h6 29. a5 Nb3 30. Rd7+ Rf7 31. Rxf7+ Kxf7 32. Rd1 Nc5 33. axb6 axb6 34. f4 Qe6 35. Kg2 Kg7 36. Rd5 Nd3 37. Rxd3 cxd3 38. Qxd3 Qa2+ 39. Nf2 exf4 40. gxf4 Qf7 41. Qd4+ Qf6 42. Qxf6+ Kxf6 43. Nd3 Ke6 44. h4 Kf6 45. Kf3 g5 46. fxg5+ hxg5 47. h5 Kg7 48. Kg4 Kh6 49. c4 Kg7 50. Kxg5 b5 51. cxb5 Kf7 1-0